Squeez out nie je škripot, aj keď mnohí škrípu zubami

Vytesňovanie menšinových akcionárov podľa Obchodného zákonníka. Pojem vytesňovanie. Inštitút práva výkupu. Postavenie minoritného akcionára. Porovnanie Slovenska s Českom.

Gespeichert in:
Bibliographische Detailangaben
1. Verfasser: Kačúr, Marián
Format: Buchkapitel
Sprache:Slowakisch
Schlagworte:
Tags: Tag hinzufügen
Keine Tags, Fügen Sie das erste Tag hinzu!

MARC

LEADER 00000naa$a2200000$$$4500
001 0097367
005 20231019090647.1
041 0 |a slo 
044 |a SK 
245 1 0 |a Squeez out nie je škripot, aj keď mnohí škrípu zubami  |c Marián Kačúr 
520 |a Vytesňovanie menšinových akcionárov podľa Obchodného zákonníka. Pojem vytesňovanie. Inštitút práva výkupu. Postavenie minoritného akcionára. Porovnanie Slovenska s Českom. 
610 2 0 |a akcionári 
610 2 0 |a trh kapitálový 
610 2 0 |a akcie 
610 2 0 |a Slovensko 
610 2 0 |a Česko 
100 1 |a Kačúr, Marián